Pautas para el conocimiento, conservación y uso sostenible de las plantas medicinales nativas en Colombia : (Registro nro. 7676)

Detalles MARC
000 -CABECERA
Campo de control 01254nam a22002657a 4500
005 - FECHA Y HORA DE LA ULTIMA TRANSACCION
Campo de control 20191224041910.0
008 - ELEMENTOS DE LONGITUD FIJA—INFORMACION GENERAL
Campo de control 130214s2011 ck a grf 00010 spa d
020 ## - ISBN
ISBN 9789588343556
040 ## - FUENTE DE CATALOGACIÓN
Agencia catalogadora original CO-BoIAVH
Agencia transcriptora CO-BoIAVH
041 0# - IDIOMA
Código de idioma para texto/pista de sonido o título separado Español
044 ## - PAÍS DE PUBLICACIÓN
País de publicación Colombia
082 04 - NUMERO DE CLASIFICACION DECIMAL DEWEY
Número de clasificación 615.321
Número del ítem B51p
245 00 - MENCION DE TITULO
Título Pautas para el conocimiento, conservación y uso sostenible de las plantas medicinales nativas en Colombia :
Parte restante del título estrategia nacional para la conservación de plantas /
Mención de responsabilidad Henry Yesid Bernal, Hernando García Martínez, Germán Felipe Quevedo Sánchez editores.
260 ## - PUBLICACION, DISTRIBUCION, ETC. (PIE DE IMPRENTA)
Lugar de publicación, distribución, etc. Bogotá :
Nombre del editor, distribuidor, etc. Instituto de Investigación de Recursos Biológicos Alexander Von Humboldt,
-- Ministerio de Ambiente, Vivienda y Desarrollo Territorial,
Fecha de publicación, distribución, etc. 2011.
300 ## - DESCRIPCION FISICA
Extensión 232 p. :
Otros detalles físicos il. ;
Dimensiones 21 cm.
504 ## - NOTA DE BIBLIOGRAFIA, ETC.
Nota de bibliografía Incluye referencias bibliográficas
650 ## - ASIENTO SECUNDARIO DE MATERIA - TERMINO TEMATICO
Término temático o nombre geográfico como elemento de entrada Plantas medicinales
Subdivisión geográfica Colombia.
9 (RLIN) 88517
650 #4 - ASIENTO SECUNDARIO DE MATERIA - TERMINO TEMATICO
Término temático o nombre geográfico como elemento de entrada Diversidad biológica
Subdivisión geográfica Colombia.
9 (RLIN) 88518
650 ## - ASIENTO SECUNDARIO DE MATERIA - TERMINO TEMATICO
Término temático o nombre geográfico como elemento de entrada Plantas medicinales
Subdivisión general Uso
Subdivisión geográfica Colombia.
9 (RLIN) 88519
650 ## - ASIENTO SECUNDARIO DE MATERIA - TERMINO TEMATICO
Término temático o nombre geográfico como elemento de entrada Plantas medicinales
Subdivisión general Cultivo
-- Costos
Subdivisión geográfica Colombia.
9 (RLIN) 88520
700 1# - ASIENTO SECUNDARIO - NOMBRE PERSONAL
Nombre personal García Martínez, Hernando,
Término de relación ed.
9 (RLIN) 88521
700 1# - ASIENTO SECUNDARIO - NOMBRE PERSONAL
Nombre personal Bernal, Henry Yesid,
Término de relación ed.
9 (RLIN) 2123
700 1# - ASIENTO SECUNDARIO - NOMBRE PERSONAL
Nombre personal Quevedo Sánchez, Germán Felipe,
Término de relación ed.
9 (RLIN) 2124
942 ## - ELEMENTOS ADICIONALES (KOHA)
Sistema de clasificación Dewey Decimal Classification
Tipo de ítem Libro
Existencias
Withdrawn status Lost status Sistema de Clasificación Damaged status No para préstamo Colección Inventariado Ubicación Permanente Ubicación actual Fecha de adquisición Fuente de Valor Valor Total Checkouts Número topográfico Inventario / Código de Barras Date last seen Date checked out Ejemplar Price effective from Forma de adquisición Tipo de material Total Renewals
    Dewey Decimal Classification     Humboldt Inventariado 2017 Bogotá Bogotá 25/09/2013 Instituto 39000.00 1 IAVH-615.321 B51p 029236 14/11/2019 15/08/2018 Ej. 1 25/09/2013 Institucional Libro  
    Dewey Decimal Classification     Humboldt Inventariado 2017 Bogotá Bogotá 29/09/2015 Instituto 39000.00 5 IAVH-615.321 B51p 035228 11/10/2019 11/10/2019 Ej. 3 29/09/2015 Institucional Libro 1
    Dewey Decimal Classification     General   Bogotá Bogotá 10/01/2018     2 IAVH-615.321 B51p 043431 11/10/2019 11/10/2019 Ej. 4 10/01/2018 Institucional Libro  
    Dewey Decimal Classification     Humboldt Inventariado 2017 Sala Fabio Quevedo Sala Fabio Quevedo 28/10/2014 Instituto 39000.00   IAVH-615.321 B51p 038397 28/10/2014   Ej. 2 28/10/2014 Institucional Libro